000 01253cam a22002771i 4500
003 SA-RiAUC
005 20250922062359.0
008 250918s1997 ua g 00000 ara c
040 _aSA-RiAUC
_bara
_cSA-RiAUC
_erda
082 0 4 _a412
_qSA-RiAUC
090 _a412
_bا م ي
100 1 _aأمين، محمد شوقي،
_d1910-1990
_eمؤلف.
245 1 0 _aكتاب الألفاظ والأساليب /
_cأعد المادة والتعليق عليها محمد شوقي أمين، مصطفى حجازي.
246 3 0 _aالألفاظ والأساليب
264 1 _aالقاهرة :
_bمجمع اللغة العربية،
_c1977.
300 _a234 صفحة ؛
_c27 سم
336 _aنص
_btxt
_2rdacontent
_3كتاب
337 _aبدون وسيط
_bn
_2rdamedia
338 _aمجلد
_bnc
_2rdacarrier
500 _aمانظرت فيه لجنة الاصول ولجنة الالفاظ والاساليب وعرض على مجلس المجمع...
650 7 _aاللغة العربية
_xتعبيرات اصطلاحية
_2aucsh
650 7 _aاللغة العربية
_xاشتقاق
_2aucsh
700 1 _aحجازي، مصطفى سعد الدين،
_d1936-2024
_eمؤلف.
942 _2ddc
_cBOOK
_n0
949 _aSA-JeALM
_d250918
_umohamedma123
_n1
999 _c11973
_d11973